000 00352nam a2200133Ia 4500
008 231017s9999 xx 000 0 und d
082 _a658.408
082 _bMOD
245 0 _aModels in environmental regulatory decision making
245 4 _cThe national academies press
260 _bThe national academies press
300 _c30cm
942 _cREP
999 _c606652
_d606652